[Event "RA-2011-0-00142"]
[Site "LSS email"]
[Date "2011.07.25"]
[Round "?"]
[White "Figura, Atila Gajo"]
[Black "Hubacek, Ondrej"]
[Result "0-1"]
[WhiteElo "1976"]
[BlackElo "2206"]
[PlyCount "61"]
[EventDate "2011.06.19"]
[EventType "tourn (corr)"]
[EventRounds "6"]
[EventCountry "GER"]
[SourceTitle "Telechess CBM 151"]
[Source "ChessBase"]
[SourceDate "2012.11.13"]
[SourceVersion "1"]
[SourceVersionDate "2012.11.13"]
[SourceQuality "1"]

1. e4 c5 2. Nf3 Nc6 3. d4 cxd4 4. Nxd4 Nf6 5. Nc3 e5 6. Ndb5 d6 7. Bg5 a6 8. Na3 b5 9. Nd5 Be7 10. Bxf6 Bxf6 11. c4 b4 12. Nc2 a5 13. g3 Bg5 14. Bg2 0-0 15. 0-0 Be6 16. Qd3 Rb8 17. b3 Qd7 18. Rad1 Qa7 19. Kh1 h6 20. f4 exf4 21. gxf4 Bh4 22. Bf3 a4 23. Nce3 Ne7 24. Ng2 Bxd5 25. Nxh4 Ba8 26. Qxd6 axb3 27. axb3 Rfd8 28. Qxd8+ Rxd8 29. Rxd8+ Kh7 30. f5 Ng8 31. Rg1 0-1

[Event "RA-2011-0-00142"]
[Site "LSS email"]
[Date "2011.07.24"]
[Round "?"]
[White "Hubacek, Ondrej"]
[Black "Sacerdotali, Sergio"]
[Result "1-0"]
[WhiteElo "2206"]
[BlackElo "2142"]
[PlyCount "163"]
[EventDate "2011.06.19"]
[EventType "tourn (corr)"]
[EventRounds "6"]
[EventCountry "GER"]
[SourceTitle "Telechess CBM 151"]
[Source "ChessBase"]
[SourceDate "2012.11.13"]
[SourceVersion "1"]
[SourceVersionDate "2012.11.13"]
[SourceQuality "1"]

1. e4 c5 2. Nf3 Nc6 3. d4 cxd4 4. Nxd4 Nf6 5. Nc3 d6 6. Bc4 Qb6 7. Nb3 e6 8. 0-0 Be7 9. Be3 Qc7 10. f4 a6 11. Bd3 b5 12. Qf3 0-0 13. a3 Rb8 14. Be2 b4 15. axb4 Nxb4 16. Bd1 Rd8 17. Kh1 e5 18. Qg3 Kh8 19. h3 Be6 20. fxe5 dxe5 21. Nd4 Bc4 22. Rf2 Bf8 23. Nf5 Ne8 24. Bg4 f6 25. h4 Nc6 26. b3 Be6 27. Nd5 Bxd5 28. exd5 Nb4 29. c4 Nd3 30. Rfa2 Rxb3 31. Rxa6 Qxc4 32. d6 Rbb8 33. d7 Nc7 34. Nd6 Bxd6 35. Rxd6 Nd5 36. Be6 N3f4 37. Bxf4 Qxf4 38. Qh2 Qxh2+ 39. Kxh2 Nf4 40. Bc4 Ng6 41. h5 Ne7 42. g4 g6 43. h6 Ng8 44. Rc1 Nxh6 45. Be6 f5 46. g5 Ng4+ 47. Kg3 h6 48. Rc8 Kh7 49. Kh4 e4 50. Rxb8 Rxb8 51. d8Q Rxd8 52. Rxd8 Ne5 53. gxh6 Kxh6 54. Rd5 Nf3+ 55. Kg3 Kg5 56. Bd7 Kf6 57. Be8 Ne5 58. Kf4 g5+ 59. Ke3 g4 60. Kf4 Nd3+ 61. Kg3 Ke6 62. Ra5 e3 63. Ra2 Ke5 64. Re2 Ke4 65. Bc6+ Kd4 66. Bb5 Kc3 67. Rh2 Kd4 68. Ra2 Nb4 69. Ra8 Nd5 70. Ra4+ Ke5 71. Bd3 Ne7 72. Ra5+ Ke6 73. Rb5 Kf6 74. Kf4 e2 75. Bxe2 Ng6+ 76. Kg3 Ne7 77. Ra5 Ng6 78. Bb5 Ne5 79. Be8 Nc4 80. Ra6+ Ke5 81. Bc6 Kd4 82. Kf4 1-0

[Event "OP-2011-0-01674"]
[Site "LSS email"]
[Date "2011.07.22"]
[Round "?"]
[White "Hubacek, Ondrej"]
[Black "Schalkwijk, Peter H"]
[Result "1-0"]
[WhiteElo "2206"]
[BlackElo "1389"]
[PlyCount "63"]
[EventDate "2011.07.20"]
[EventType "tourn (corr)"]
[EventRounds "4"]
[EventCountry "GER"]
[SourceTitle "Telechess CBM 157"]
[Source "ChessBase"]
[SourceDate "2013.11.12"]
[SourceVersion "1"]
[SourceVersionDate "2013.11.12"]
[SourceQuality "1"]

1. e4 c6 2. d4 d5 3. e5 Na6 4. Nf3 Bf5 5. Be2 e6 6. 0-0 Ne7 7. c3 Ng6 8. Re1 Qb6 9. Nbd2 c5 10. Nf1 Be7 11. h3 0-0 12. Ng3 Be4 13. Nxe4 dxe4 14. Nd2 cxd4 15. Nc4 Qc6 16. cxd4 Rfd8 17. Be3 Bb4 18. Rf1 b5 19. Nd2 Bxd2 20. Qxd2 Nxe5 21. a4 Nc4 22. axb5 Nxd2 23. bxc6 Nxf1 24. Bxa6 Nxe3 25. fxe3 Rdc8 26. Bb7 Rcb8 27. Bxa8 Rxa8 28. c7 Kf8 29. Rxa7 Rc8 30. b4 Ke7 31. b5 Kd7 32. b6 1-0

[Event "Nachod op 9th"]
[Site "Nachod"]
[Date "2011.07.09"]
[Round "8"]
[White "Kozusek, Daniel"]
[Black "Hubacek, Ondrej"]
[Result "0-1"]
[WhiteElo "1728"]
[BlackElo "2004"]
[PlyCount "58"]
[EventDate "2011.07.02"]
[EventType "swiss"]
[EventRounds "9"]
[EventCountry "CZE"]
[SourceTitle "EXT 2012"]
[Source "ChessBase"]
[SourceDate "2011.11.24"]
[SourceVersion "1"]
[SourceVersionDate "2011.11.24"]
[SourceQuality "1"]

1. e4 c5 2. Nf3 d6 3. d4 cxd4 4. Nxd4 Nf6 5. Nc3 g6 6. f3 Bg7 7. Be3 0-0 8. Qd2 Nc6 9. 0-0-0 d5 10. Nxc6 bxc6 11. exd5 cxd5 12. Nxd5 Nxd5 13. Qxd5 Qc7 14. Qc5 Qb8 15. Bd4 e5 16. Bc3 Be6 17. Qd6 Rc8 18. Ba6 Rxc3 19. Qxb8+ Rxb8 20. bxc3 Bh6+ 21. Rd2 Bxa2 22. Kd1 Rb1+ 23. Ke2 Rxh1 24. Rd8+ Kg7 25. Bd3 Be6 26. c4 Rb1 27. c5 Bg5 28. Rd6 Rb7 29. c6 Rc7 0-1

[Event "Nachod op 9th"]
[Site "Nachod"]
[Date "2011.07.03"]
[Round "2.33"]
[White "Veznik, Michael"]
[Black "Hubacek, Ondrej"]
[Result "1-0"]
[WhiteElo "1822"]
[BlackElo "2004"]
[PlyCount "69"]
[EventDate "2011.07.02"]
[EventType "swiss"]
[EventRounds "9"]
[EventCountry "CZE"]
[SourceTitle "EXT 2012"]
[Source "ChessBase"]
[SourceDate "2011.11.24"]
[SourceVersion "1"]
[SourceVersionDate "2011.11.24"]
[SourceQuality "1"]

1. e4 c5 2. Nf3 Nc6 3. Bb5 d6 4. b4 cxb4 5. d4 a6 6. Bxc6+ bxc6 7. a3 bxa3 8. Rxa3 g6 9. 0-0 Bg7 10. Be3 Nf6 11. Nbd2 0-0 12. h3 Qc7 13. c4 e5 14. Qc1 Re8 15. dxe5 dxe5 16. c5 Rb8 17. Qc2 Nd7 18. Ne1 Bf8 19. Nd3 Rb5 20. Rc3 f6 21. f4 Kg7 22. Nc4 Qd8 23. fxe5 Nxe5 24. Ndxe5 fxe5 25. Qf2 Kh8 26. Nxe5 Rxe5 27. Qxf8+ Qxf8 28. Rxf8+ Kg7 29. Rxc8 Rxe4 30. Rxc6 Rb1+ 31. Kf2 Ra4 32. Rd6 Raa1 33. c6 Rf1+ 34. Kg3 h5 35. Rb3 1-0

[Event "Hradec Kralove op"]
[Site "Hradec Kralove"]
[Date "2010.05.18"]
[Round "4"]
[White "Dosedel, Jiri"]
[Black "Hubacek, Ondrej"]
[Result "1/2-1/2"]
[WhiteElo "2138"]
[BlackElo "1981"]
[PlyCount "58"]
[EventDate "2010.05.15"]
[EventType "swiss"]
[EventRounds "9"]
[EventCountry "CZE"]
[SourceTitle "CBM 136 Extra"]
[Source "ChessBase"]
[SourceDate "2010.07.02"]
[SourceVersion "2"]
[SourceVersionDate "2010.07.15"]
[SourceQuality "1"]

1. Nf3 Nf6 2. g3 g6 3. Bg2 Bg7 4. 0-0 0-0 5. c4 c6 6. d4 d5 7. b3 Bf5 8. Nc3 Ne4 9. Bb2 Nxc3 10. Bxc3 Be4 11. e3 Nd7 12. Qd2 e6 13. Nh4 Bxg2 14. Nxg2 Nf6 15. f3 Qd7 16. Rae1 Rfd8 17. Qb2 Rac8 18. e4 Qc7 19. e5 Nd7 20. c5 b6 21. b4 a5 22. a3 Ra8 23. g4 axb4 24. axb4 bxc5 25. bxc5 Rdb8 26. Qc2 Ra3 27. f4 Qa7 28. Rf2 Qa4 29. Qd2 Rbb3 1/2-1/2

[Event "Kouty nad Desnou op-A"]
[Site "Kouty nad Desnou"]
[Date "2010.03.08"]
[Round "3"]
[White "Hubacek, Ondrej"]
[Black "Sedlar, Vit"]
[Result "1-0"]
[WhiteElo "1962"]
[BlackElo "1882"]
[PlyCount "31"]
[EventDate "2010.03.06"]
[EventType "swiss"]
[EventRounds "9"]
[EventCountry "CZE"]
[SourceTitle "CBM 135 Extra"]
[Source "ChessBase"]
[SourceDate "2010.05.04"]
[SourceVersion "1"]
[SourceVersionDate "2010.05.04"]
[SourceQuality "1"]

1. e4 e6 2. d4 d5 3. Nc3 Nf6 4. Bg5 dxe4 5. Nxe4 Be7 6. Bxf6 gxf6 7. Nf3 b6 8. Bd3 Bb7 9. Qe2 Nc6 10. c3 Qd7 11. Ba6 0-0-0 12. a4 Qd5 13. Nfd2 Rdg8 14. 0-0 Bd6 15. g3 f5 16. Bc4 1-0

[Event "Pardubice tt"]
[Site "Pardubice"]
[Date "2009.07.16"]
[Round "1"]
[White "Jedlicka, Ales"]
[Black "Hubacek, Ondrej"]
[Result "1-0"]
[WhiteElo "2270"]
[BlackElo "1945"]
[PlyCount "63"]
[EventDate "2009.07.16"]
[EventType "team-swiss"]
[EventRounds "7"]
[EventCountry "CZE"]
[SourceTitle "EXT 2010"]
[Source "ChessBase"]
[SourceDate "2010.11.25"]
[SourceVersion "1"]
[SourceVersionDate "2010.11.25"]
[SourceQuality "1"]

1. d4 Nf6 2. Nf3 d5 3. c4 c6 4. Nc3 e6 5. e3 Nbd7 6. Qc2 Bd6 7. Be2 0-0 8. b3 b6 9. 0-0 Bb7 10. Bb2 Rc8 11. e4 dxe4 12. Nxe4 Be7 13. Rad1 Qc7 14. c5 Nxe4 15. Qxe4 Nf6 16. Qc2 Nd5 17. Ne5 bxc5 18. dxc5 f6 19. Nd3 e5 20. Bc1 Ba6 21. Rfe1 Kh8 22. a3 e4 23. Nb2 Bxe2 24. Rxe2 f5 25. Rf1 Rf6 26. f3 exf3 27. Rxf3 Rcf8 28. Nd3 f4 29. Qc4 Ne3 30. Qe4 Bd8 31. Bb2 Rg6 32. Rxf4 1-0

[Event "Nachod op"]
[Site "Nachod"]
[Date "2009.07.10"]
[Round "7"]
[White "Postupa, Pavel"]
[Black "Hubacek, Ondrej"]
[Result "1/2-1/2"]
[WhiteElo "2081"]
[BlackElo "1945"]
[PlyCount "38"]
[EventDate "2009.07.04"]
[EventType "swiss"]
[EventRounds "9"]
[EventCountry "CZE"]
[SourceTitle "CBM 131 Extra"]
[Source "ChessBase"]
[SourceDate "2009.09.03"]
[SourceVersion "2"]
[SourceVersionDate "2009.09.16"]
[SourceQuality "1"]

1. e4 c5 2. c4 e5 3. g3 g6 4. Nc3 Nc6 5. d3 Bg7 6. Nge2 Nge7 7. Nd5 0-0 8. Bg2 d6 9. 0-0 Nxd5 10. exd5 Nd4 11. Nc3 a6 12. Be3 Rb8 13. b3 f5 14. Bxd4 exd4 15. Ne2 Be5 16. f4 Bf6 17. Qd2 b5 18. Kh1 Bd7 19. Rfe1 Re8 1/2-1/2

[Event "CZE-ch Juniors op-A"]
[Site "Sec u Chrudimi"]
[Date "2008.03.13"]
[Round "7"]
[White "Hubacek, Ondrej"]
[Black "Kyselka, Daniel"]
[Result "1/2-1/2"]
[WhiteElo "1987"]
[BlackElo "1728"]
[PlyCount "53"]
[EventDate "2008.03.08"]
[EventType "swiss"]
[EventRounds "9"]
[EventCountry "CZE"]
[SourceTitle "EXT 2009"]
[Source "ChessBase"]
[SourceDate "2008.11.26"]
[SourceVersion "1"]
[SourceVersionDate "2008.11.26"]
[SourceQuality "1"]

1. e4 c5 2. Nf3 d6 3. d4 cxd4 4. Nxd4 Nf6 5. Nc3 a6 6. Be2 e6 7. Be3 Be7 8. 0-0 0-0 9. f4 Nbd7 10. Kh1 Qc7 11. Bf3 Rb8 12. g4 Nb6 13. g5 Nfd7 14. h4 Re8 15. h5 g6 16. Qe1 e5 17. Nde2 exf4 18. Bxf4 Ne5 19. Qh4 Bf8 20. Rf2 Be6 21. Nd4 Bd7 22. Raf1 Bc6 23. hxg6 fxg6 24. Bg2 Re7 25. Bh3 Bd7 26. Bxe5 dxe5 27. Nde2 1/2-1/2

[Event "CZE-ch Juniors op-A"]
[Site "Sec u Chrudimi"]
[Date "2008.03.12"]
[Round "6"]
[White "Dvorak, David"]
[Black "Hubacek, Ondrej"]
[Result "1/2-1/2"]
[WhiteElo "1780"]
[BlackElo "1987"]
[PlyCount "51"]
[EventDate "2008.03.08"]
[EventType "swiss"]
[EventRounds "9"]
[EventCountry "CZE"]
[SourceTitle "EXT 2009"]
[Source "ChessBase"]
[SourceDate "2008.11.26"]
[SourceVersion "1"]
[SourceVersionDate "2008.11.26"]
[SourceQuality "1"]

1. e4 c5 2. Nf3 Nc6 3. d4 cxd4 4. Nxd4 Nf6 5. Nc3 e5 6. Nf3 Bb4 7. Bd3 Bxc3+ 8. bxc3 d5 9. Bg5 dxe4 10. Bxf6 Qxf6 11. Bxe4 0-0 12. 0-0 Bg4 13. Qe2 Rac8 14. Rab1 b6 15. Rfd1 Na5 16. Rd3 Rc5 17. Rbd1 Nc4 18. h4 g6 19. Rd5 Rfc8 20. Rxc5 Rxc5 21. Rd5 Qe7 22. Qd3 Kg7 23. Rxc5 Qxc5 24. Qd5 Be6 25. Qxc5 bxc5 26. Ng5 1/2-1/2

[Event "CZE-ch U18 Girls/sf U18"]
[Site "Czech Republic"]
[Date "2008.??.??"]
[Round "5"]
[White "Hubacek, Ondrej"]
[Black "Prokopova, Jirina"]
[Result "1/2-1/2"]
[WhiteElo "1985"]
[BlackElo "1694"]
[PlyCount "83"]
[EventDate "2008.??.??"]
[EventType "swiss"]
[EventRounds "9"]
[EventCountry "CZE"]
[SourceTitle "EXT 2011"]
[Source "ChessBase"]
[SourceDate "2010.11.26"]
[SourceVersion "1"]
[SourceVersionDate "2010.11.26"]
[SourceQuality "1"]

1. e4 e6 2. d4 d5 3. exd5 exd5 4. c4 Nf6 5. Nc3 Be7 6. Nf3 0-0 7. Be2 dxc4 8. Bxc4 Nbd7 9. 0-0 Nb6 10. Bb3 c6 11. Ne5 Nbd5 12. Bg5 Be6 13. Rc1 Qa5 14. Qe2 Rfe8 15. Rfd1 Rad8 16. Qf3 h6 17. Bh4 Qb6 18. Na4 Qc7 19. Nc5 Bc8 20. h3 Bxc5 21. Rxc5 Be6 22. a3 Qe7 23. Ba2 g5 24. Bg3 Nd7 25. Rcc1 Nxe5 26. Bxe5 Rd7 27. Bb1 f6 28. Bg3 Kg7 29. Qd3 f5 30. Be5+ Kg6 31. b4 a6 32. Re1 Qf7 33. Qd1 Nf6 34. Rc5 Bd5 35. f3 b6 36. Rc1 Nh5 37. g4 Ng7 38. Bxg7 Rxe1+ 39. Qxe1 Kxg7 40. Bxf5 Re7 41. Qc3 Qf6 42. Rc2 1/2-1/2

[Event "CZE-ch U18 Girls/sf U18"]
[Site "Czech Republic"]
[Date "2008.??.??"]
[Round "7"]
[White "Hubacek, Ondrej"]
[Black "Vecera, Petr"]
[Result "1/2-1/2"]
[WhiteElo "1985"]
[BlackElo "1860"]
[PlyCount "33"]
[EventDate "2008.??.??"]
[EventType "swiss"]
[EventRounds "9"]
[EventCountry "CZE"]
[SourceTitle "EXT 2011"]
[Source "ChessBase"]
[SourceDate "2010.11.26"]
[SourceVersion "1"]
[SourceVersionDate "2010.11.26"]
[SourceQuality "1"]

1. e4 e5 2. f4 Nc6 3. Nf3 d6 4. Bb5 exf4 5. Bxc6+ bxc6 6. 0-0 Be7 7. d4 Nf6 8. e5 Nd5 9. c4 Ne3 10. Bxe3 fxe3 11. Qd3 0-0 12. Qxe3 Re8 13. Qf4 f6 14. exf6 Bxf6 15. Nc3 Ba6 16. b3 Rf8 17. Qg4 1/2-1/2

[Event "CZE-ch U18 Girls/sf U18"]
[Site "Czech Republic"]
[Date "2008.??.??"]
[Round "2"]
[White "Olsarova, Tereza"]
[Black "Hubacek, Ondrej"]
[Result "1-0"]
[WhiteElo "2108"]
[BlackElo "1985"]
[PlyCount "55"]
[EventDate "2008.??.??"]
[EventType "swiss"]
[EventRounds "9"]
[EventCountry "CZE"]
[SourceTitle "EXT 2011"]
[Source "ChessBase"]
[SourceDate "2010.11.26"]
[SourceVersion "1"]
[SourceVersionDate "2010.11.26"]
[SourceQuality "1"]

1. e4 c5 2. Nf3 Nc6 3. d4 cxd4 4. Nxd4 Nf6 5. Nc3 e5 6. Ndb5 d6 7. Bg5 a6 8. Na3 b5 9. Bxf6 gxf6 10. Nd5 f5 11. Bxb5 axb5 12. Nxb5 Ra4 13. 0-0 Bg7 14. Ndc7+ Kf8 15. c3 Rxe4 16. Qxd6+ Qxd6 17. Nxd6 Re2 18. Nxc8 Rxb2 19. a4 e4 20. Nb5 Rg8 21. Ncd6 Ke7 22. Nxf5+ Ke6 23. Ne3 Ne5 24. Rfd1 Nf3+ 25. gxf3 Bh6+ 26. Ng4 exf3 27. Nd4+ Ke7 28. Nf5+ 1-0

[Event "CZE-ch U18 Girls/sf U18"]
[Site "Czech Republic"]
[Date "2008.??.??"]
[Round "3"]
[White "Rojicek, Vojtech"]
[Black "Hubacek, Ondrej"]
[Result "1-0"]
[WhiteElo "2391"]
[BlackElo "1985"]
[PlyCount "103"]
[EventDate "2008.??.??"]
[EventType "swiss"]
[EventRounds "9"]
[EventCountry "CZE"]
[SourceTitle "EXT 2011"]
[Source "ChessBase"]
[SourceDate "2010.11.26"]
[SourceVersion "1"]
[SourceVersionDate "2010.11.26"]
[SourceQuality "1"]

1. e4 c5 2. Nf3 d6 3. d4 cxd4 4. Nxd4 Nf6 5. Nc3 g6 6. Be3 Bg7 7. f3 0-0 8. Bc4 Nc6 9. Qd2 Bd7 10. 0-0-0 Qa5 11. Bb3 Rfc8 12. Kb1 Ne5 13. Bg5 Nc4 14. Bxc4 Rxc4 15. Bxf6 Bxf6 16. Nd5 Qxd2 17. Nxf6+ Kg7 18. Nh5+ Kh6 19. Rxd2 Kxh5 20. Ne2 Bc6 21. h4 Rc5 22. b3 b5 23. Nf4+ Kh6 24. Nd3 Rc3 25. Kb2 b4 26. a3 a5 27. axb4 axb4 28. Nxb4 Rc5 29. Ra1 Rxa1 30. Kxa1 Bb7 31. c4 Ra5+ 32. Kb2 Kg7 33. Nd5 Kf8 34. Rd3 Ke8 35. b4 Ra7 36. Ra3 Rxa3 37. Kxa3 Kd7 38. g4 h6 39. Ka4 g5 40. hxg5 hxg5 41. Ka5 e6 42. Nf6+ Kc6 43. Nh7 d5 44. cxd5+ exd5 45. exd5+ Kxd5 46. Nxg5 f6 47. Ne4 Ke5 48. b5 Bd5 49. Ka6 Kf4 50. b6 Kxf3 51. Nxf6 Bc6 52. g5 1-0

[Event "CZE-ch U16"]
[Site "Sec u Chrudimi"]
[Date "2007.10.25"]
[Round "7"]
[White "Hubacek, Ondrej"]
[Black "Straka, Vojtech"]
[Result "1/2-1/2"]
[WhiteElo "2019"]
[BlackElo "1911"]
[PlyCount "121"]
[EventDate "2007.10.20"]
[EventType "swiss"]
[EventRounds "9"]
[EventCountry "CZE"]
[SourceTitle "EXT 2022"]
[Source "ChessBase"]
[SourceDate "2021.10.06"]
[SourceVersion "1"]
[SourceVersionDate "2021.10.06"]
[SourceQuality "1"]

1. e4 c5 2. Nf3 Nc6 3. d4 cxd4 4. Nxd4 g6 5. Be3 Bg7 6. Qd2 Nf6 7. f3 0-0 8. Nc3 d5 9. 0-0-0 dxe4 10. Nxc6 Qxd2+ 11. Rxd2 bxc6 12. Be2 exf3 13. Bxf3 Bb7 14. Rhd1 e6 15. Bd4 Nd5 16. Bxg7 Kxg7 17. Ne4 Ne3 18. Re1 Nc4 19. Rd7 Bc8 20. Rc7 Rb8 21. b3 Ne5 22. Nc5 Nxf3 23. gxf3 Kg8 24. Rxa7 Rb5 25. Nd3 Rd8 26. Ne5 Rb7 27. Nxc6 Rxa7 28. Nxa7 Bb7 29. Rd1 Ra8 30. Rd7 Rxa7 31. a4 Kf8 32. a5 Ke8 33. Rc7 Kd8 34. Rxf7 Kc8 35. b4 Ra6 36. Kd2 Rd6+ 37. Ke3 Rc6 38. b5 Rxc2 39. a6 Bd5 40. b6 Rb2 41. Rf8+ Kd7 42. b7 Bxb7 43. axb7 Rxb7 44. Kf4 Ke7 45. Rh8 Kf6 46. Rf8+ Rf7 47. Ra8 h6 48. Ra5 g5+ 49. Kg4 Kg6 50. Ra6 h5+ 51. Kg3 Kf5 52. h3 e5 53. Ra4 Rf6 54. Re4 Rd6 55. Re2 Rd4 56. Ra2 h4+ 57. Kf2 Kf4 58. Re2 Rc4 59. Kg2 e4 60. fxe4 Rxe4 61. Rf2+ 1/2-1/2

[Event "CZE-ch U16"]
[Site "Sec u Chrudimi"]
[Date "2007.10.23"]
[Round "5"]
[White "Hubacek, Ondrej"]
[Black "Pulpan, Jakub"]
[Result "1/2-1/2"]
[WhiteElo "2019"]
[BlackElo "1826"]
[PlyCount "36"]
[EventDate "2007.10.20"]
[EventType "swiss"]
[EventRounds "9"]
[EventCountry "CZE"]
[SourceTitle "EXT 2022"]
[Source "ChessBase"]
[SourceDate "2021.10.06"]
[SourceVersion "1"]
[SourceVersionDate "2021.10.06"]
[SourceQuality "1"]

1. e4 c5 2. Nf3 e6 3. d4 cxd4 4. Nxd4 a6 5. Bd3 Bc5 6. Nb3 Ba7 7. Qe2 Nc6 8. Be3 Bxe3 9. Qxe3 Nge7 10. c4 0-0 11. 0-0 d5 12. exd5 exd5 13. Rd1 Be6 14. Nc5 Qb6 15. Nxe6 Qxe3 16. fxe3 fxe6 17. Nc3 Rad8 18. cxd5 Nxd5 1/2-1/2

[Event "CZE-ch U16"]
[Site "Sec u Chrudimi"]
[Date "2007.10.22"]
[Round "3"]
[White "Hubacek, Ondrej"]
[Black "Felcman, Tomas"]
[Result "1-0"]
[WhiteElo "2019"]
[BlackElo "1737"]
[PlyCount "75"]
[EventDate "2007.10.20"]
[EventType "swiss"]
[EventRounds "9"]
[EventCountry "CZE"]
[SourceTitle "EXT 2022"]
[Source "ChessBase"]
[SourceDate "2021.10.06"]
[SourceVersion "1"]
[SourceVersionDate "2021.10.06"]
[SourceQuality "1"]

1. e4 c5 2. Nc3 d6 3. f4 Nc6 4. Nf3 e6 5. Bc4 Nf6 6. d3 Be7 7. 0-0 0-0 8. Qe1 d5 9. exd5 exd5 10. Bb3 Re8 11. Qf2 Bf5 12. h3 Bc8 13. Re1 b6 14. Kh1 Bb7 15. Bd2 d4 16. Ne4 Qc7 17. Neg5 Rf8 18. Ne5 Nd8 19. Re2 Bd5 20. Bxd5 Nxd5 21. Ngf3 Re8 22. Rae1 Nb7 23. g3 Nd6 24. b3 Rad8 25. Nc4 Qd7 26. Qg2 Nf6 27. Nfe5 Qc7 28. Nc6 Rd7 29. N4e5 Bd8 30. Nxd7 Rxe2 31. Nxf6+ Bxf6 32. Rxe2 h6 33. Ne5 Nf5 34. Kh2 Ne7 35. Qa8+ Nc8 36. Ng4 Qd8 37. Nxf6+ gxf6 38. Qe4 1-0

[Event "Tabor op"]
[Site "Tabor"]
[Date "2007.08.03"]
[Round "7"]
[White "Hubacek, Ondrej"]
[Black "Cuhra, Martin"]
[Result "1/2-1/2"]
[WhiteElo "1679"]
[BlackElo "2096"]
[PlyCount "33"]
[EventDate "2007.07.29"]
[EventType "swiss"]
[EventRounds "9"]
[EventCountry "CZE"]
[SourceTitle "EXT 2009"]
[Source "ChessBase"]
[SourceDate "2008.11.26"]
[SourceVersion "1"]
[SourceVersionDate "2008.11.26"]
[SourceQuality "1"]

1. e4 e5 2. f4 d5 3. exd5 e4 4. d3 Nf6 5. dxe4 Nxe4 6. Nf3 Bc5 7. Qe2 f5 8. Nc3 0-0 9. Nxe4 fxe4 10. Qxe4 Nd7 11. Qe6+ Kh8 12. Ng5 Nf6 13. Nf7+ Rxf7 14. Qxf7 Bf5 15. Bd3 Qd6 16. Bxf5 Rf8 17. Qe6 1/2-1/2

[Event "Tabor op"]
[Site "Tabor"]
[Date "2007.07.31"]
[Round "4"]
[White "Mazur, David"]
[Black "Hubacek, Ondrej"]
[Result "1/2-1/2"]
[WhiteElo "2097"]
[BlackElo "1679"]
[PlyCount "80"]
[EventDate "2007.07.29"]
[EventType "swiss"]
[EventRounds "9"]
[EventCountry "CZE"]
[SourceTitle "EXT 2009"]
[Source "ChessBase"]
[SourceDate "2008.11.26"]
[SourceVersion "1"]
[SourceVersionDate "2008.11.26"]
[SourceQuality "1"]

1. e4 c5 2. c4 Nc6 3. Nf3 d6 4. g3 g6 5. Bg2 Bg7 6. 0-0 Nf6 7. Nc3 0-0 8. d3 a6 9. Rb1 Rb8 10. b3 Bg4 11. h3 Bxf3 12. Bxf3 Nd7 13. Ne2 b5 14. Bg2 b4 15. f4 Nd4 16. Nxd4 Bxd4+ 17. Kh2 e6 18. f5 Ne5 19. h4 Nd7 20. Bh3 Qe7 21. Bg5 Bf6 22. Bxf6 Nxf6 23. Qf3 h6 24. Rf2 Kh7 25. Qf4 Rbd8 26. Rbf1 a5 27. g4 Nd7 28. f6 Qe8 29. Qxd6 Rb8 30. g5 Rb6 31. Qf4 Qb8 32. Qxb8 Rfxb8 33. Rd1 Rd6 34. Kg3 Ne5 35. Rfd2 Rbd8 36. Bf1 Nc6 37. Kf4 e5+ 38. Ke3 h5 39. Rf2 Kg8 40. Rfd2 Nd4 1/2-1/2

[Event "CZE-ch Juniors op-B"]
[Site "Sec u Chrudimi"]
[Date "2007.03.17"]
[Round "9"]
[White "Hubacek, Ondrej"]
[Black "Klement, Lukas"]
[Result "1/2-1/2"]
[WhiteElo "1570"]
[BlackElo "1819"]
[PlyCount "52"]
[EventDate "2007.03.10"]
[EventType "swiss"]
[EventRounds "9"]
[EventCountry "CZE"]
[SourceTitle "EXT 2008"]
[Source "ChessBase"]
[SourceDate "2007.11.25"]
[SourceVersion "1"]
[SourceVersionDate "2007.11.25"]
[SourceQuality "1"]

1. e4 e6 2. d4 d5 3. exd5 Qxd5 4. Nc3 Qa5 5. Nf3 Nf6 6. Bd2 c6 7. Bd3 Qc7 8. Qe2 Nbd7 9. Ne5 Nxe5 10. dxe5 Nd7 11. f4 Be7 12. Ne4 b6 13. 0-0 Nc5 14. Nxc5 Bxc5+ 15. Kh1 g6 16. Qg4 h5 17. Qe2 Bb7 18. Be3 Be7 19. Be4 0-0-0 20. Rad1 Rdg8 21. Rd2 f5 22. Bf3 g5 23. Qc4 Rg6 24. fxg5 b5 25. Qb3 Rh7 26. Bf4 h4 1/2-1/2

[Event "CZE-ch Juniors op-B"]
[Site "Sec u Chrudimi"]
[Date "2007.03.13"]
[Round "3"]
[White "Kovar, Jan1111"]
[Black "Hubacek, Ondrej"]
[Result "1-0"]
[WhiteElo "1618"]
[BlackElo "1570"]
[PlyCount "67"]
[EventDate "2007.03.10"]
[EventType "swiss"]
[EventRounds "9"]
[EventCountry "CZE"]
[SourceTitle "EXT 2008"]
[Source "ChessBase"]
[SourceDate "2007.11.25"]
[SourceVersion "1"]
[SourceVersionDate "2007.11.25"]
[SourceQuality "1"]

1. e4 c5 2. Nf3 Nc6 3. d4 cxd4 4. Nxd4 Nf6 5. Nc3 d6 6. Be3 e5 7. Nf3 Be6 8. Be2 Be7 9. 0-0 d5 10. exd5 Nxd5 11. Nxd5 Bxd5 12. Bb5 f6 13. Qe2 Qc7 14. Rfd1 Be6 15. Bc4 Nd4 16. Bb5+ Nxb5 17. Qxb5+ Kf7 18. Qe2 b6 19. b3 Bg4 20. Nxe5+ Qxe5 21. Qxg4 Rhd8 22. c4 Bc5 23. Rd7+ Rxd7 24. Qxd7+ Be7 25. Re1 Qd6 26. Qb7 Qb8 27. Qd5+ Kf8 28. Qh5 Kg8 29. Bd4 Bb4 30. Rd1 Qb7 31. Qb5 Be7 32. Be3 Rd8 33. Rxd8+ Bxd8 34. Qe8# 1-0

[Event "CZE-ch Juniors op-B"]
[Site "Sec u Chrudimi"]
[Date "2007.03.12"]
[Round "4"]
[White "Hubacek, Ondrej"]
[Black "Fusek, Lukas"]
[Result "1-0"]
[WhiteElo "1570"]
[BlackElo "1463"]
[PlyCount "73"]
[EventDate "2007.03.10"]
[EventType "swiss"]
[EventRounds "9"]
[EventCountry "CZE"]
[SourceTitle "EXT 2008"]
[Source "ChessBase"]
[SourceDate "2007.11.25"]
[SourceVersion "1"]
[SourceVersionDate "2007.11.25"]
[SourceQuality "1"]

1. e4 e5 2. f4 exf4 3. Nf3 Be7 4. Bc4 Nf6 5. Nc3 Nxe4 6. Bxf7+ Kxf7 7. Nxe4 d5 8. Nf2 Rf8 9. d4 Kg8 10. 0-0 Nc6 11. c3 Bd6 12. Nd3 Bg4 13. Qb3 Ne7 14. Qxb7 Qc8 15. Qxc8 Raxc8 16. Nfe5 Bxe5 17. Nxe5 Be2 18. Rxf4 Rxf4 19. Bxf4 Rb8 20. Bg5 Nf5 21. b3 h6 22. Bd2 Nd6 23. Nc6 Re8 24. Re1 a6 25. Kf2 Bh5 26. Rxe8+ Bxe8 27. Ne7+ Kf7 28. Nxd5 Ne4+ 29. Ke3 Nxd2 30. Kxd2 c5 31. dxc5 Bc6 32. Ne3 Ke6 33. g3 a5 34. b4 a4 35. a3 Bb5 36. c4 Be8 37. Nd5 1-0